[Event "Dieren op"]
[Site "Dieren"]
[Date "2008.07.31"]
[Round "9"]
[White "Grondsma, Mark"]
[Black "Munnik, Talitha"]
[Result "1-0"]
[WhiteElo "2121"]
[BlackElo "1965"]
[PlyCount "119"]
[EventDate "2008.07.22"]
[EventType "swiss"]
[EventRounds "9"]
[EventCountry "NED"]
[SourceTitle "CBM 125 Extra"]
[Source "ChessBase"]
[SourceDate "2008.09.01"]
[SourceVersion "1"]
[SourceVersionDate "2008.09.01"]
[SourceQuality "1"]

1. e4 c5 2. Nc3 Nc6 3. g3 g6 4. Bg2 Bg7 5. d3 d6 6. Nge2 e6 7. Be3 Nd4 8. Qd2 Ne7 9. Nd1 0-0 10. 0-0 Rb8 11. c3 Nxe2+ 12. Qxe2 Nc6 13. Qd2 Bd7 14. Bh6 b5 15. Bxg7 Kxg7 16. Ne3 a6 17. f4 f5 18. g4 fxg4 19. Nxg4 Qh4 20. h3 Rbc8 21. e5 d5 22. Nf6 Rcd8 23. Kh2 Ne7 24. Rg1 Ng8 25. Nxg8 Kxg8 26. Raf1 Kh8 27. Bh1 Rf5 28. Rg4 Qh6 29. Kg3 Rxe5 30. Rg5 Rf5 31. Bf3 Qf8 32. Rf2 Qd6 33. Rxf5 exf5 34. Re2 Re8 35. Rxe8+ Bxe8 36. Qe3 Bf7 37. d4 c4 38. Qe5+ Qxe5 39. dxe5 b4 40. Kf2 bxc3 41. bxc3 h6 42. h4 d4 43. cxd4 c3 44. Ke3 Bc4 45. d5 Kg7 46. a3 Kf7 47. d6 g5 48. hxg5 hxg5 49. Bd1 gxf4+ 50. Kxf4 Bd3 51. Bb3+ Ke8 52. Ke3 c2 53. Kd2 c1Q+ 54. Kxc1 f4 55. e6 Bb5 56. Kd2 Kd8 57. Bd5 Ke8 58. Be4 Kf8 59. Bg6 Kg7 60. d7 1-0

[Event "Dieren op"]
[Site "Dieren"]
[Date "2008.07.28"]
[Round "6"]
[White "Vogel, Jaap"]
[Black "Grondsma, Mark"]
[Result "1-0"]
[WhiteElo "2253"]
[BlackElo "2121"]
[PlyCount "97"]
[EventDate "2008.07.22"]
[EventType "swiss"]
[EventRounds "9"]
[EventCountry "NED"]
[SourceTitle "CBM 125 Extra"]
[Source "ChessBase"]
[SourceDate "2008.09.01"]
[SourceVersion "1"]
[SourceVersionDate "2008.09.01"]
[SourceQuality "1"]

1. Nf3 Nf6 2. g3 g6 3. Bg2 Bg7 4. d4 0-0 5. 0-0 d6 6. c4 c6 7. Nc3 Nbd7 8. Qc2 Qc7 9. b3 e5 10. Bb2 Nh5 11. Rad1 f5 12. e4 Kh8 13. Ng5 exd4 14. Ne6 Qa5 15. Nxg7 Nxg7 16. Rxd4 f4 17. gxf4 Rxf4 18. Ne2 Rf6 19. f4 Nf8 20. Rd3 Rf7 21. Kh1 Bg4 22. Rxd6 Bxe2 23. Qxe2 Kg8 24. a3 Re8 25. b4 Qc7 26. Qd2 Nfe6 27. c5 Ref8 28. Be5 Qe7 29. Qa2 Nc7 30. Bh3 Qh4 31. Kg2 Nce8 32. Rd7 g5 33. Rxf7 Rxf7 34. Be6 Nxe6 35. Qxe6 Ng7 36. Bxg7 Kxg7 37. Qe5+ Kg6 38. f5+ Kh5 39. Rf3 Qe1 40. Rh3+ Kg4 41. Rf3 Kh5 42. Rf2 Qe3 43. Qe6 Rf6 44. Qe5 Rf8 45. f6 Qxa3 46. Qe7 Rh8 47. f7 Kh4 48. Qe6 h5 49. f8Q 1-0

[Event "Dieren op"]
[Site "Dieren"]
[Date "2008.07.25"]
[Round "4"]
[White "Van den Berg, Harmen"]
[Black "Grondsma, Mark"]
[Result "1-0"]
[WhiteElo "2195"]
[BlackElo "2121"]
[PlyCount "79"]
[EventDate "2008.07.22"]
[EventType "swiss"]
[EventRounds "9"]
[EventCountry "NED"]
[SourceTitle "CBM 125 Extra"]
[Source "ChessBase"]
[SourceDate "2008.09.01"]
[SourceVersion "1"]
[SourceVersionDate "2008.09.01"]
[SourceQuality "1"]

1. e4 c6 2. Nf3 d5 3. exd5 cxd5 4. Ne5 Nc6 5. d4 Nxe5 6. dxe5 e6 7. f4 f5 8. Be3 Nh6 9. Nd2 Be7 10. Nf3 0-0 11. Be2 Bd7 12. 0-0 Rc8 13. Rc1 Ng4 14. Bd4 Qa5 15. h3 Nh6 16. c4 Bc6 17. Qb3 Nf7 18. Kh1 Kh8 19. Qe3 dxc4 20. Bxc4 Bd5 21. Bc3 Qd8 22. Bxd5 Qxd5 23. Qxa7 Bc5 24. Qa4 Ra8 25. Qb5 b6 26. a3 Qe4 27. Nd2 Qa4 28. Qe2 Rfd8 29. Qf3 Ra7 30. b3 Qb5 31. a4 Qd3 32. Nc4 Rad7 33. Qc6 Qd5 34. Qb5 Qd3 35. Bb2 Qg3 36. a5 Nh6 37. Rc3 Rd1 38. Nd2 R8xd2 39. Rxg3 Bf2 40. Rc3 1-0

[Event "Haarlem BDO-B"]
[Site "Haarlem"]
[Date "2006.08.??"]
[Round "3"]
[White "Grondsma, Mark"]
[Black "Gijswijt, Bart"]
[Result "1/2-1/2"]
[WhiteElo "2122"]
[BlackElo "2232"]
[PlyCount "62"]
[EventDate "2006.08.26"]
[EventType "tourn"]
[EventRounds "9"]
[EventCountry "NED"]
[SourceTitle "EXT 2015"]
[Source "ChessBase"]
[SourceDate "2014.11.20"]
[SourceVersion "1"]
[SourceVersionDate "2014.11.20"]
[SourceQuality "1"]

1. e4 e6 2. d4 d5 3. Nd2 Nf6 4. e5 Nfd7 5. Bd3 c5 6. c3 Nc6 7. Ne2 cxd4 8. cxd4 f6 9. exf6 Qxf6 10. Nf3 h6 11. 0-0 Bd6 12. Nc3 0-0 13. a3 Rd8 14. b4 Nb6 15. Re1 e5 16. b5 exd4 17. Nxd5 Nxd5 18. bxc6 bxc6 19. Bc4 Bc5 20. Bb2 Bg4 21. Bxd4 Bxd4 22. Qxd4 Bxf3 23. Qxf6 gxf6 24. gxf3 Kf7 25. Rac1 Rd6 26. Ba2 Rad8 27. Rc5 R8d7 28. Rec1 Ke7 29. Rxc6 Rxc6 30. Rxc6 Nf4 31. h4 Rd2 1/2-1/2

[Event "Haarlem BDO-B"]
[Site "Haarlem"]
[Date "2006.08.??"]
[Round "7"]
[White "Grondsma, Mark"]
[Black "In't Veld, Rene"]
[Result "1-0"]
[WhiteElo "2122"]
[BlackElo "2105"]
[PlyCount "157"]
[EventDate "2006.08.26"]
[EventType "tourn"]
[EventRounds "9"]
[EventCountry "NED"]
[SourceTitle "EXT 2015"]
[Source "ChessBase"]
[SourceDate "2014.11.20"]
[SourceVersion "1"]
[SourceVersionDate "2014.11.20"]
[SourceQuality "1"]

1. e4 e6 2. d4 d5 3. Nd2 Nc6 4. Ngf3 Nf6 5. e5 Nd7 6. c3 f6 7. exf6 Qxf6 8. Nb3 Bd6 9. Bg5 Qf7 10. Bb5 e5 11. dxe5 Ncxe5 12. Nxe5 Bxe5 13. f4 0-0 14. 0-0 Bf6 15. Qc2 Qe6 16. Kh1 Qb6 17. Bd3 h6 18. Qe2 Bxg5 19. fxg5 hxg5 20. Rxf8+ Nxf8 21. Qe5 Be6 22. Rf1 c5 23. Bb1 Re8 24. h3 a5 25. c4 a4 26. Nd2 Qd8 27. Nf3 Qf6 28. Qd6 g4 29. hxg4 Bxg4 30. Qxd5+ Qe6 31. Qxe6+ Nxe6 32. Re1 Rd8 33. Be4 Nc7 34. Bxb7 Rb8 35. Bc6 Bxf3 36. gxf3 Rxb2 37. Re7 Na6 38. Bd5+ Kh7 39. Be4+ Kg8 40. Ra7 Rb6 41. a3 Kf8 42. Kg2 Nb8 43. Rxa4 Na6 44. Ra5 Ke7 45. Rb5 Rd6 46. Bd5 Nc7 47. Rxc5 Nxd5 48. Rxd5 Ra6 49. Rd3 Rc6 50. Rc3 Kd6 51. Kf2 Kc5 52. Ke3 Re6+ 53. Kd3 Rd6+ 54. Kc2 Rf6 55. Kd2 Ra6 56. Kd3 Rd6+ 57. Ke4 Re6+ 58. Kf5 Rf6+ 59. Ke5 Rf7 60. f4 Re7+ 61. Kf5 Rf7+ 62. Kg5 Kd4 63. Rc1 Kc5 64. f5 Ra7 65. Kg6 Rb7 66. Rh1 Kxc4 67. Rh7 Ra7 68. Rxg7 Rxa3 69. Rd7 Rg3+ 70. Kf7 Kc5 71. f6 Kc6 72. Rd1 Rg2 73. Kf8 Rg3 74. f7 Rg2 75. Ke7 Re2+ 76. Kd8 Rf2 77. Rd7 Rf1 78. Ke8 Rf2 79. Re7 1-0

[Event "Champions Challenge 153rd"]
[Site "Playchess.com INT"]
[Date "2006.07.01"]
[Round "1.1"]
[White "Ovetchkin, Roman"]
[Black "Grondsma, Mark"]
[Result "1-0"]
[WhiteElo "2646"]
[BlackElo "2182"]
[PlyCount "45"]
[EventDate "2006.07.01"]
[EventType "k.o. (blitz)"]
[EventRounds "5"]
[EventCountry "GER"]
[SourceTitle "EXT 2007"]
[Source "ChessBase"]
[SourceDate "2006.11.23"]
[SourceVersion "1"]
[SourceVersionDate "2006.11.23"]
[SourceQuality "1"]

1. e4 c5 2. Nf3 d5 3. exd5 Qxd5 4. Nc3 Qd8 5. d4 Nc6 6. d5 Nb8 7. Bf4 Nf6 8. Bb5+ Bd7 9. Qe2 a6 10. Bxd7+ Nbxd7 11. 0-0 Qb6 12. Rfe1 0-0-0 13. a4 h6 14. a5 Qa7 15. Ne5 Nxe5 16. Qxe5 Rd7 17. Na4 Ng4 18. Nb6+ Kd8 19. Qf5 Nf6 20. Rad1 g6 21. Qh3 Bg7 22. Be5 Rd6 23. Qc8# 1-0